[Event "22nd ch-EUR Indiv 2022"]
[Site "Terme Catez SLO"]
[Date "2022.03.28"]
[Round "2.65"]
[White "Anton Guijarro, David"]
[Black "Greicius, Pijus"]
[Result "1-0"]
[WhiteTitle "GM"]
[WhiteElo "2694"]
[BlackElo "2100"]
[WhiteFideId "2285525"]
[BlackFideId "12819093"]
[EventDate "2022.03.27"]

1. c4 e5 2. Nc3 d6 3. g3 Nc6 4. Bg2 g6 5. e4 Be6 6. d3 Qd7 7. Nge2 Bg7 8. Nd5
Nd4 9. Nxd4 exd4 10. Qb3 c6 11. Nf4 Nf6 12. Nxe6 fxe6 13. O-O O-O 14. Bh3 Rae8
15. Bd2 Qc7 16. f4 Nd7 17. Qc2 Qd8 18. b4 Bh6 19. c5 d5 20. Rae1 e5 21. exd5
cxd5 22. c6 bxc6 23. Qxc6 Nb8 24. Be6+ Kh8 25. Qxd5 exf4 26. Qxd8 Rxd8 27. gxf4
Nd7 28. b5 Nf6 29. Bb4 Rfe8 30. Bc4 Rxe1 31. Rxe1 Nd5 32. Bxd5 Rxd5 33. Re8+ Kg7
34. Re5 Rd8 35. Re4 Rd5 36. a4 Kf7 37. Kg2 Rf5 38. Kg3 g5 39. Kg4 1-0

[Event "22nd ch-EUR Indiv 2022"]
[Site "Terme Catez SLO"]
[Date "2022.03.28"]
[Round "2.66"]
[White "Spalir, Jernej"]
[Black "Kryvoruchko, Yuriy"]
[Result "0-1"]
[WhiteTitle "IM"]
[BlackTitle "GM"]
[WhiteElo "2373"]
[BlackElo "2683"]
[WhiteFideId "14606518"]
[BlackFideId "14109182"]
[EventDate "2022.03.27"]

1. d4 Nf6 2. Nf3 e6 3. c4 Bb4+ 4. Bd2 c5 5. Bxb4 cxb4 6. g3 O-O 7. Bg2 d6 8. O-O
a5 9. a3 Na6 10. axb4 Nxb4 11. Nc3 b6 12. Ne1 d5 13. cxd5 Nfxd5 14. Nxd5 Nxd5
15. Nd3 Ba6 16. Qb3 Rc8 17. Rfd1 Qd6 18. Rac1 h6 19. e3 Rfd8 20. Ne5 Rc7 21. Be4
Rdc8 22. Rxc7 Rxc7 23. Qa4 Rc8 24. Kg2 Bb7 25. Bf3 Qc7 26. Kg1 Nf6 27. Bxb7 Qxb7
28. b4 Nd5 29. bxa5 Nc3 30. Qd7 Qxd7 31. Nxd7 Nxd1 32. axb6 Rc1 33. b7 Nxe3# 0-1

[Event "22nd ch-EUR Indiv 2022"]
[Site "Terme Catez SLO"]
[Date "2022.03.28"]
[Round "2.67"]
[White "Grandelius, Nils"]
[Black "Rozen, Eytan"]
[Result "1-0"]
[WhiteTitle "GM"]
[BlackTitle "IM"]
[WhiteElo "2663"]
[BlackElo "2398"]
[WhiteFideId "1710400"]
[BlackFideId "2816750"]
[EventDate "2022.03.27"]

1. e4 e6 2. d4 d5 3. e5 c5 4. c3 Nc6 5. Nf3 Qb6 6. a3 c4 7. Nbd2 Na5 8. Rb1 Bd7
9. h4 Ne7 10. b4 cxb3 11. Nxb3 Nxb3 12. Rxb3 Qc7 13. Bd3 Nc6 14. O-O Be7 15. Rb1
h6 16. c4 dxc4 17. Bxc4 Rc8 18. Bd3 g5 19. Be3 gxh4 20. Nd2 h3 21. g3 h5 22. Kh2
Bxa3 23. Ne4 Be7 24. Qf3 Rg8 25. Qxh5 Nb4 26. Rxb4 Bxb4 27. Nf6+ 1-0

[Event "22nd ch-EUR Indiv 2022"]
[Site "Terme Catez SLO"]
[Date "2022.03.28"]
[Round "2.68"]
[White "Nisipeanu, Liviu-Dieter"]
[Black "Ohanyan, Emin"]
[Result "1-0"]
[WhiteTitle "GM"]
[BlackTitle "IM"]
[WhiteElo "2652"]
[BlackElo "2379"]
[WhiteFideId "1202758"]
[BlackFideId "13312022"]
[EventDate "2022.03.27"]

1. d4 Nf6 2. c4 e6 3. Nc3 Bb4 4. e3 O-O 5. Bd3 d5 6. Nf3 dxc4 7. Bxc4 c5 8. O-O
Nc6 9. Bd3 cxd4 10. exd4 b6 11. a3 Be7 12. Re1 Bb7 13. Bc2 Re8 14. Qd3 a5 15.
Bg5 g6 16. Rad1 Nd5 17. Nxd5 Bxg5 18. Nxb6 Nb4 19. axb4 Bxf3 20. Nxa8 Bxd1 21.
Bxd1 Qxa8 22. Bf3 Qa7 23. Qb5 Qe7 24. bxa5 Bf6 25. Qc5 Qd8 26. Rd1 Be7 27. Qb5
Bd6 28. a6 Bb8 29. g3 Ba7 30. Kg2 Re7 31. Qg5 Qd6 32. Qf6 Rd7 33. Bb7 Qc7 34.
Rd3 Qb6 35. d5 exd5 36. Qxb6 Bxb6 37. Rxd5 Rxd5 38. Bxd5 Kf8 39. f4 Ke7 40. Kf3
f6 41. Bg8 h6 42. Bh7 Kf7 43. Ke4 Kg7 44. Kd5 Kxh7 45. Kc6 1-0

[Event "22nd ch-EUR Indiv 2022"]
[Site "Terme Catez SLO"]
[Date "2022.03.28"]
[Round "2.69"]
[White "Santos Latasa, Jaime"]
[Black "Roseneck, Jonas"]
[Result "1-0"]
[WhiteTitle "GM"]
[BlackTitle "FM"]
[WhiteElo "2648"]
[BlackElo "2376"]
[WhiteFideId "2293307"]
[BlackFideId "12939870"]
[EventDate "2022.03.27"]

1. e4 c5 2. Nf3 d6 3. d4 cxd4 4. Nxd4 Nf6 5. Nc3 Nc6 6. Bg5 e6 7. Qd2 a6 8.
O-O-O Bd7 9. f3 Nxd4 10. Qxd4 Be7 11. Kb1 Qc7 12. Qd2 b5 13. g4 b4 14. Ne2 a5
15. Be3 a4 16. g5 Nh5 17. Bh3 b3 18. cxb3 axb3 19. a3 O-O 20. Rc1 Qb7 21. Bg4 d5
22. Bc5 Bxc5 23. Rxc5 dxe4 24. Bxh5 exf3 25. Nc3 Bc6 26. Qe3 Rad8 27. Rf1 Qa6
28. Rc1 Ba8 29. Bxf3 Bxf3 30. Qxf3 Rd2 31. Rb5 e5 32. Rxb3 Qg6+ 33. Ka1 Rxh2 34.
Qg3 Rc2 35. Rxc2 Qxc2 36. Ka2 1-0

[Event "22nd ch-EUR Indiv 2022"]
[Site "Terme Catez SLO"]
[Date "2022.03.28"]
[Round "2.70"]
[White "Hovhannisyan, Robert"]
[Black "Samadov, Read"]
[Result "1/2-1/2"]
[WhiteTitle "GM"]
[BlackTitle "FM"]
[WhiteElo "2643"]
[BlackElo "2375"]
[WhiteFideId "13302507"]
[BlackFideId "13417444"]
[EventDate "2022.03.27"]

1. e4 c5 2. Nf3 d6 3. d4 cxd4 4. Nxd4 Nf6 5. Nc3 a6 6. Bg5 Nbd7 7. Bc4 Qb6 8.
Bb3 e6 9. a4 Qa5 10. Qd2 Be7 11. f3 h6 12. Be3 Ne5 13. O-O Bd7 14. Kh1 Rc8 15.
Rfd1 g5 16. Qf2 Qc7 17. Rd2 Nc4 18. Bxc4 Qxc4 19. Nb3 e5 20. Bb6 Bc6 21. Na5 Qe6
22. Rad1 O-O 23. b3 Ne8 24. g4 h5 25. h3 hxg4 26. hxg4 Kg7 27. Nxc6 bxc6 28. Ne2
Rh8+ 29. Kg2 d5 30. Ng3 d4 31. Nf5+ Kg8 32. c3 c5 33. b4 Ng7 34. Bxc5 Bxc5 35.
bxc5 Nxf5 36. gxf5 Qh6 37. Qg3 Rxc5 38. cxd4 exd4 39. f4 g4 40. Rb2 Qh3+ 41.
Qxh3 Rxh3 42. e5 d3 43. Rbd2 Rc4 44. Rxd3 Rxd3 45. Rxd3 Rxf4 46. f6 Re4 47. Rd6
Rxe5 48. Rxa6 Kh7 49. Kg3 Re4 50. a5 Ra4 51. Rb6 1/2-1/2

[Event "22nd ch-EUR Indiv 2022"]
[Site "Terme Catez SLO"]
[Date "2022.03.28"]
[Round "2.71"]
[White "Golubovic, Boris"]
[Black "Bluebaum, Matthias"]
[Result "0-1"]
[WhiteTitle "IM"]
[BlackTitle "GM"]
[WhiteElo "2393"]
[BlackElo "2642"]
[WhiteFideId "14502160"]
[BlackFideId "24651516"]
[EventDate "2022.03.27"]

1. e4 c6 2. d4 d5 3. exd5 cxd5 4. Bd3 Nc6 5. c3 Qc7 6. h3 e6 7. Nf3 Bd6 8. O-O
Nge7 9. Re1 O-O 10. a4 Bd7 11. Na3 a6 12. Bd2 Ng6 13. b4 Nce7 14. Qb3 b6 15. Nc2
Qb7 16. b5 a5 17. Ne3 Rad8 18. Ng4 f6 19. c4 dxc4 20. Bxc4 Nd5 21. Ne3 Nge7 22.
Nxd5 Nxd5 23. Rac1 Rfe8 24. Bd3 g6 25. Nh2 Qb8 26. Nf3 Kg7 27. Rc4 Bc8 28. Bc1
Bb7 29. Ba3 Re7 30. Bxd6 Qxd6 31. Bf1 Nf4 32. Qe3 g5 33. Rec1 Qd5 34. Rc7 Rdd7
35. R7c6 Bxc6 36. bxc6 Rc7 37. g3 Ng6 38. Bb5 Re8 39. Kh2 Ne7 40. Rc4 Rec8 41.
Rc1 Rxc6 42. Bxc6 Rxc6 43. Rxc6 Qxc6 44. Qb3 Nd5 45. Nd2 Qc3 46. Qa2 Qxd4 47.
Kg2 Nb4 48. Qxe6 Qxd2 49. Qe7+ Kg6 50. Qe8+ Kf5 51. g4+ Kf4 52. Qb8+ Ke4 53.
Qxb6 Nd5 54. Qb1+ Kd4 0-1

[Event "22nd ch-EUR Indiv 2022"]
[Site "Terme Catez SLO"]
[Date "2022.03.28"]
[Round "2.72"]
[White "Kuzubov, Yuriy"]
[Black "Risteski, Emil"]
[Result "1-0"]
[WhiteTitle "GM"]
[BlackTitle "FM"]
[WhiteElo "2639"]
[BlackElo "2374"]
[WhiteFideId "14112906"]
[BlackFideId "15005267"]
[EventDate "2022.03.27"]

1. d4 Nf6 2. Bg5 d5 3. e3 c5 4. c3 Nc6 5. Nd2 e5 6. dxe5 Nxe5 7. Ngf3 Nc6 8. e4
Be7 9. Bxf6 Bxf6 10. exd5 Qxd5 11. Bc4 Qd8 12. Qe2+ Qe7 13. Qxe7+ Bxe7 14. O-O-O
O-O 15. Bd5 Bf5 16. Rhe1 Bd6 17. g3 Rfe8 18. Nc4 Bc7 19. Ng5 Bg6 20. Nxf7 Bxf7
21. Bxf7+ Kxf7 22. Rd7+ Kf6 23. Rxe8 Rxe8 24. Rxc7 Re2 25. Rxb7 Rxf2 26. Rd7 Ne5
27. Nxe5 Kxe5 28. h4 h5 29. Rxg7 c4 30. Rxa7 Rg2 31. Re7+ Kd5 32. Rd7+ Ke5 33.
a4 Rxg3 34. Rd4 Rg1+ 35. Kc2 Rg2+ 36. Kb1 Rg4 37. a5 1-0

[Event "22nd ch-EUR Indiv 2022"]
[Site "Terme Catez SLO"]
[Date "2022.03.28"]
[Round "2.73"]
[White "Petrosyan, Manuel"]
[Black "Samunenkov, Ihor"]
[Result "1-0"]
[WhiteTitle "GM"]
[BlackTitle "FM"]
[WhiteElo "2637"]
[BlackElo "2372"]
[WhiteFideId "13300857"]
[BlackFideId "14187086"]
[EventDate "2022.03.27"]

1. e4 c5 2. Nf3 g6 3. c4 Nc6 4. d4 cxd4 5. Nxd4 Nf6 6. Nc3 d6 7. Be2 Nxd4 8.
Qxd4 Bg7 9. O-O O-O 10. Qd3 Nd7 11. Qc2 Nc5 12. Be3 a5 13. Rad1 Bd7 14. b3 Rc8
15. f3 b6 16. Qd2 Bc6 17. Nb5 Bxb5 18. cxb5 Qd7 19. Bc4 a4 20. Qe2 axb3 21. axb3
Qa7 22. Rd2 Qa3 23. Rb1 Ra8 24. Rc2 e6 25. Qd2 Rfd8 26. b4 Na4 27. Bb3 Rac8 28.
Ra2 Nc3 29. Rxa3 Nxb1 30. Qa2 Nxa3 31. Qxa3 Ra8 32. Ba4 Rdc8 33. Bxb6 Rc3 34.
Qa2 Rc1+ 35. Kf2 Ra1 36. Qc4 R8xa4 37. Qc8+ Bf8 38. Be3 Ra8 39. Qc4 d5 40. exd5
exd5 41. Qxd5 Bxb4 42. Kg3 Re8 43. Bf4 Rb1 44. Bc7 Be1+ 45. Kh3 Bf2 46. Qd7 Re6
47. Bf4 Rbe1 48. Bd6 Kg7 49. Bb4 R1e2 50. Bc3+ Kf8 51. Qd8+ Re8 52. Qd6+ Kg8 53.
Qf6 Kf8 54. b6 R2e6 55. Qg7+ Ke7 56. Bb4+ Kd8 57. b7 Kc7 58. Qxf7+ Kb8 59. Qd7 1-0

[Event "22nd ch-EUR Indiv 2022"]
[Site "Terme Catez SLO"]
[Date "2022.03.28"]
[Round "2.74"]
[White "Kanyamarala, Tarun"]
[Black "Ponomariov, Ruslan"]
[Result "0-1"]
[WhiteTitle "FM"]
[BlackTitle "GM"]
[WhiteElo "2325"]
[BlackElo "2636"]
[WhiteFideId "45004714"]
[BlackFideId "14103320"]
[EventDate "2022.03.27"]

1. d4 Nf6 2. c4 c6 3. Nc3 d5 4. cxd5 cxd5 5. Bf4 Nc6 6. e3 Bg4 7. f3 Bd7 8. Bd3
e6 9. g4 Rc8 10. Nge2 Qb6 11. Qd2 Nb4 12. Bb1 Bd6 13. Kf2 Bxf4 14. Nxf4 g5 15.
Nd3 h5 16. gxh5 g4 17. Nxb4 Qxb4 18. Bd3 gxf3 19. Rag1 Rxh5 20. h4 Ke7 21. Rg7
Rh6 22. Kxf3 Rch8 23. a3 Qb6 24. Ne2 Ne8 25. Rg5 Rxh4 26. Rxh4 Rxh4 27. Nf4 Rh8
28. Qg2 Kd8 29. b4 Qd6 30. Qg3 a6 31. Ke2 Bb5 32. Bxb5 axb5 33. Rg8 Rxg8 34.
Qxg8 Qe7 35. Nd3 Kc7 36. Ne5 Nd6 37. Qg7 Kb6 38. Qh7 Ka7 39. Qg7 Qc7 40. Kf3 Qc1
41. Ke2 Nf5 42. Qxf7 Qxe3+ 43. Kf1 Qc1+ 44. Kg2 Nxd4 45. Nd7 Qb2+ 46. Kh1 Qb1+
47. Kh2 Qc2+ 48. Kg3 Qc7+ 49. Kg2 Qc2+ 50. Kg3 Nf5+ 51. Kf3 Qe4+ 52. Kf2 Qe3+
53. Kf1 Qd2 54. Kg1 Qe1+ 55. Kg2 Qe2+ 56. Kg1 Qe1+ 57. Kg2 Ne3+ 58. Kh3 Qh1+ 0-1

[Event "22nd ch-EUR Indiv 2022"]
[Site "Terme Catez SLO"]
[Date "2022.03.28"]
[Round "2.75"]
[White "Fridman, Daniel"]
[Black "Kalogeris, Ioannis"]
[Result "1/2-1/2"]
[WhiteTitle "GM"]
[BlackTitle "FM"]
[WhiteElo "2628"]
[BlackElo "2368"]
[WhiteFideId "11600454"]
[BlackFideId "4239563"]
[EventDate "2022.03.27"]

1. d4 Nf6 2. Nf3 d5 3. c4 c6 4. Nc3 e6 5. Bg5 Be7 6. e3 h6 7. Bh4 Nbd7 8. cxd5
Nxd5 9. Bg3 Qa5 10. Rc1 b5 11. Bd3 c5 12. O-O c4 13. Bb1 Nxc3 14. Rxc3 Nf6 15.
e4 Bb7 16. Re3 Rd8 17. h3 O-O 18. Qc2 Nh5 19. Bh2 g6 20. g4 Nf6 21. Bf4 h5 22.
g5 Ne8 23. a3 Bd6 24. Bg3 Qb6 1/2-1/2

[Event "22nd ch-EUR Indiv 2022"]
[Site "Terme Catez SLO"]
[Date "2022.03.28"]
[Round "2.76"]
[White "Yilmaz, Mustafa"]
[Black "Unuk, Laura"]
[Result "1-0"]
[WhiteTitle "GM"]
[BlackTitle "IM"]
[WhiteElo "2624"]
[BlackElo "2346"]
[WhiteFideId "6302718"]
[BlackFideId "14609215"]
[EventDate "2022.03.27"]

1. c4 e5 2. g3 Nc6 3. Bg2 g6 4. Nc3 Bg7 5. e3 d6 6. d3 Nge7 7. Nge2 O-O 8. O-O
f5 9. f4 Kh8 10. b3 Ng8 11. Ba3 Nce7 12. Qd2 Rb8 13. Rad1 a6 14. Nd5 b6 15. fxe5
dxe5 16. d4 Re8 17. Nxe7 Nxe7 18. d5 Ng8 19. d6 Bf8 20. c5 Nf6 21. c6 Be6 22.
Qc1 Bg8 23. e4 Re6 24. exf5 gxf5 25. d7 Bxa3 26. Qxa3 Ng4 27. Qc1 f4 28. gxf4
Qh4 29. h3 Nh6 30. f5 Nxf5 31. Rxf5 Rg6 32. Qe3 1-0

[Event "22nd ch-EUR Indiv 2022"]
[Site "Terme Catez SLO"]
[Date "2022.03.28"]
[Round "2.77"]
[White "Brkic, Ante"]
[Black "Pasztor, Balazs"]
[Result "1-0"]
[WhiteTitle "GM"]
[BlackTitle "FM"]
[WhiteElo "2607"]
[BlackElo "2338"]
[WhiteFideId "14506688"]
[BlackFideId "774723"]
[EventDate "2022.03.27"]

1. e4 c5 2. Nf3 d6 3. Bb5+ Nd7 4. d4 cxd4 5. Nxd4 Nf6 6. Bd3 g6 7. c4 Bg7 8. Nc3
O-O 9. O-O a6 10. Re1 Qc7 11. Bf1 e6 12. Nb3 b6 13. Bf4 Ne5 14. Rc1 Bb7 15. h3
Rac8 16. Nd2 Qb8 17. b3 Rfd8 18. Qe2 Nfd7 19. Qe3 Nc6 20. Bh6 Bh8 21. Red1 Nd4
22. Ndb1 e5 23. Ne2 Nxe2+ 24. Bxe2 Nc5 25. Nc3 Bc6 26. Nd5 Bxd5 27. cxd5 b5 28.
Bg4 Nd7 29. Rxc8 Qxc8 30. Bg5 f6 31. Be6+ Kf8 32. Bh6+ Ke7 33. Rc1 Qb8 34. b4
Qb7 35. Rc6 Ra8 36. Qc1 Rd8 37. Rc7 Qa8 38. Bg4 f5 39. exf5 Qxd5 40. fxg6 Bf6
41. gxh7 1-0

[Event "22nd ch-EUR Indiv 2022"]
[Site "Terme Catez SLO"]
[Date "2022.03.28"]
[Round "2.78"]
[White "Lenaerts, Lennert"]
[Black "Erdos, Viktor"]
[Result "0-1"]
[WhiteTitle "FM"]
[BlackTitle "GM"]
[WhiteElo "2361"]
[BlackElo "2607"]
[WhiteFideId "211435"]
[BlackFideId "719978"]
[EventDate "2022.03.27"]

1. d4 Nf6 2. c4 g6 3. Nc3 d5 4. cxd5 Nxd5 5. e4 Nxc3 6. bxc3 Bg7 7. Bg5 c5 8.
Rc1 O-O 9. Nf3 Bg4 10. d5 Qd6 11. Be2 Bxf3 12. Bxf3 Nd7 13. O-O b5 14. Qd2 c4
15. Qe3 Rfe8 16. Bg4 Nc5 17. Rb1 Qb6 18. Rfc1 h6 19. Bxh6 Nxe4 20. Bxg7 Qxe3 21.
fxe3 Kxg7 22. Bd7 Red8 23. Bxb5 Nd6 24. Bc6 Rab8 25. a4 a5 26. Rb5 f5 27. Rcb1
Nxb5 28. axb5 Kf6 29. Ra1 e6 30. dxe6 Rd3 31. Rxa5 Rxc3 32. Bd7 Rc2 33. Ra7 c3
34. Rc7 Ra8 35. h3 Raa2 36. Bc6 Kxe6 37. b6 Rcb2 38. Bf3 c2 0-1

[Event "22nd ch-EUR Indiv 2022"]
[Site "Terme Catez SLO"]
[Date "2022.03.28"]
[Round "2.79"]
[White "Royal, Shreyas"]
[Black "Basso, Pier Luigi"]
[Result "1/2-1/2"]
[WhiteTitle "FM"]
[BlackTitle "GM"]
[WhiteElo "2296"]
[BlackElo "2600"]
[WhiteFideId "448869"]
[BlackFideId "866970"]
[EventDate "2022.03.27"]

1. d4 d5 2. c4 c6 3. Nf3 Nf6 4. Nc3 e6 5. e3 Nbd7 6. Qc2 b6 7. Bd3 Bb7 8. O-O
Be7 9. b3 dxc4 10. bxc4 c5 11. d5 exd5 12. cxd5 Nxd5 13. Nxd5 Bxd5 14. Rd1 Be6
15. h4 Bf6 16. Ng5 Bxa1 17. Bb5 g6 18. Nxe6 fxe6 19. Rxd7 Qxd7 20. Bxd7+ Kxd7
21. a4 Ke7 22. a5 Rhd8 23. h5 Kf7 24. Bb2 Bxb2 25. Qxb2 gxh5 26. Qe5 Rac8 27.
Qxh5+ Ke7 28. Qxh7+ Kd6 29. Qxa7 bxa5 30. Qxa5 c4 31. Qc3 Ke7 32. Qg7+ Kd6 33.
Qd4+ 1/2-1/2

[Event "22nd ch-EUR Indiv 2022"]
[Site "Terme Catez SLO"]
[Date "2022.03.28"]
[Round "2.80"]
[White "Baklan, Vladimir"]
[Black "Zirkelbach, Maj"]
[Result "1-0"]
[WhiteTitle "GM"]
[BlackTitle "FM"]
[WhiteElo "2591"]
[BlackElo "2295"]
[WhiteFideId "14102196"]
[BlackFideId "14613395"]
[EventDate "2022.03.27"]

1. e4 e5 2. Nf3 Nc6 3. Bb5 Nf6 4. O-O Nxe4 5. Re1 Nd6 6. Nxe5 Be7 7. Bf1 Nxe5 8.
Rxe5 O-O 9. d4 Bf6 10. Re2 Re8 11. Bf4 Rxe2 12. Qxe2 Ne8 13. Nc3 d6 14. Nd5 Bxd4
15. Bg5 Bf6 16. Bxf6 Nxf6 17. Nxf6+ gxf6 18. Re1 Be6 19. Qf3 c6 20. Qg3+ Kh8 21.
Qh4 Qg8 22. Qb4 c5 23. Qxb7 Rb8 24. Qf3 f5 25. b3 Qg7 26. Qf4 Rd8 27. Re3 Qf6
28. Rh3 Bd5 29. Rh6 Qe7 30. Qd2 Be4 31. f3 Bb7 32. Bd3 Qe5 33. Rh5 Qd4+ 34. Kf1
Qa1+ 35. Qe1 Qxe1+ 36. Kxe1 Kg7 37. Rg5+ Kf8 38. Rxf5 h6 39. Rf4 Bd5 40. Ra4 Rd7
41. a3 Be6 42. Kd2 Kg7 43. Ra6 Kf6 44. Ke3 Bf5 45. b4 cxb4 46. axb4 Be6 47. Kd4
Rb7 48. c3 Ke7 49. Ra5 Kf6 50. h4 Rc7 51. g4 d5 52. Ra6 Ke7 53. Be2 f6 54. Bb5
Bd7 55. Bxd7 Rxd7 56. Rc6 Kf7 57. f4 Kg7 58. Rc5 Re7 59. Rxd5 Re1 60. Rd7+ 1-0

[Event "22nd ch-EUR Indiv 2022"]
[Site "Terme Catez SLO"]
[Date "2022.03.28"]
[Round "2.81"]
[White "Van Dael, Siem"]
[Black "Jobava, Baadur"]
[Result "0-1"]
[WhiteTitle "FM"]
[BlackTitle "GM"]
[WhiteElo "2307"]
[BlackElo "2588"]
[WhiteFideId "1049771"]
[BlackFideId "13601520"]
[EventDate "2022.03.27"]

1. e4 c6 2. d4 d5 3. Nd2 g6 4. c3 Bg7 5. Bd3 Nh6 6. Ngf3 f6 7. O-O O-O 8. Re1
Nf7 9. h3 e5 10. dxe5 fxe5 11. Nf1 Be6 12. Bc2 Nd7 13. Ng3 Re8 14. Be3 Nb6 15.
b3 Rc8 16. Qd2 Rc7 17. Rad1 Rd7 18. Qc1 Bf6 19. Bc5 Kg7 20. Nf5+ Bxf5 21. exf5
g5 22. Qe3 Rh8 23. Nh2 h5 24. Nf1 d4 25. Qf3 g4 26. hxg4 Ng5 27. Qg3 h4 28. Qh2
d3 29. Bxd3 Rxd3 30. Rxd3 Qxd3 31. Rxe5 Nd5 32. Bd4 Rf8 33. f4 Nf7 34. Rxd5 cxd5
35. Bxf6+ Kxf6 36. Qxh4+ Kg7 37. f6+ Kg8 38. f5 Re8 39. Qh5 Re1 40. Qg6+ Kf8 41.
Qg7+ Ke8 42. Qg8+ Kd7 43. Qxf7+ Kc6 44. Kh2 Qxf1 45. Kg3 Qd3+ 46. Kh2 Qxc3 0-1

[Event "22nd ch-EUR Indiv 2022"]
[Site "Terme Catez SLO"]
[Date "2022.03.28"]
[Round "2.82"]
[White "Moroni, Luca Jr"]
[Black "Dordzhieva, Dinara"]
[Result "1-0"]
[WhiteTitle "GM"]
[BlackTitle "WGM"]
[WhiteElo "2588"]
[BlackElo "2325"]
[WhiteFideId "865834"]
[BlackFideId "24157570"]
[EventDate "2022.03.27"]

1. c4 Nf6 2. Nc3 c5 3. Nf3 e6 4. g3 b6 5. Bg2 Bb7 6. O-O Be7 7. Re1 O-O 8. e4 d6
9. d4 cxd4 10. Nxd4 Qc7 11. b3 a6 12. Bb2 Nbd7 13. Rc1 Rac8 14. f4 Rfd8 15. Kh1
Qb8 16. Qe2 Bf8 17. Rcd1 Qa8 18. g4 e5 19. Nf5 exf4 20. g5 Ne8 21. Nd5 Bxd5 22.
exd5 b5 23. Qg4 Ne5 24. Rxe5 dxe5 25. Nh6+ gxh6 26. gxh6+ Kh8 27. Be4 Qa7 28.
Rg1 Qxg1+ 29. Kxg1 f6 30. Bxe5 fxe5 31. Qf5 Bc5+ 32. Kf1 Rc7 33. Qxe5+ Kg8 34.
d6 Bxd6 35. Bd5+ Kf8 36. Qf5+ Nf6 37. Qxf6+ Ke8 38. Qe6+ Re7 39. Bc6+ 1-0

[Event "22nd ch-EUR Indiv 2022"]
[Site "Terme Catez SLO"]
[Date "2022.03.28"]
[Round "2.83"]
[White "Monpeurt, Cyrielle"]
[Black "Prohaszka, Peter2"]
[Result "0-1"]
[WhiteTitle "WFM"]
[BlackTitle "GM"]
[WhiteElo "2156"]
[BlackElo "2573"]
[WhiteFideId "677400"]
[BlackFideId "726265"]
[EventDate "2022.03.27"]

1. e4 c6 2. d4 d5 3. Nc3 dxe4 4. Nxe4 Nf6 5. Nxf6+ exf6 6. c3 Bd6 7. Bd3 O-O 8.
Ne2 Re8 9. Be3 Nd7 10. Qc2 h5 11. O-O-O b5 12. h3 Nb6 13. Nf4 Bxf4 14. Bxf4 Be6
15. g4 h4 16. Rhg1 Nd5 17. Bd2 Ne7 18. b3 a5 19. f4 a4 20. b4 Bc4 21. Bxc4 bxc4
22. f5 Nd5 23. Rde1 Qd6 24. Qd1 Nf4 25. Bxf4 Qxf4+ 26. Qd2 Qf3 27. Ref1 Qxh3 28.
Rh1 Qxg4 29. Rf4 Qg5 30. Rfxh4 Re1+ 31. Rxe1 Qxh4 32. a3 Qh3 33. Qc2 Rd8 34. Kb2
Rd5 35. Qxa4 Rxf5 36. Qc2 g6 37. a4 Qg3 38. Re2 Rh5 39. a5 Rh1 40. Ka2 Qg1 41.
Qb2 Qd1 42. Ka3 Kg7 43. Rd2 Qe1 44. d5 cxd5 45. Rxd5 Rh3 46. Rd2 Rd3 47. Rc2 Rd1
48. Ka2 Qe8 49. Ka3 Qe1 50. Ka2 Rd5 51. Ka3 Qe8 52. Re2 Qc6 53. Qc2 Rd3 54. Kb2
f5 55. Rh2 f4 56. Qc1 g5 57. Qe1 Qf6 58. a6 Re3 59. Qd2 Qxa6 60. Qd8 Kg6 61.
Qg8+ Kf5 62. Qxf7+ Qf6 63. Qxc4 Qe6 64. Qc5+ Kg6 65. b5 f3 66. Rd2 Re2 67. Qd4
Rxd2+ 68. Qxd2 Qe2 69. Kc2 Qxb5 70. Qd6+ Kh5 71. Qh2+ Kg4 72. Qg1+ Kf5 73. Qe3
g4 74. Qh6 Qe2+ 75. Kb3 Qe6+ 0-1

[Event "22nd ch-EUR Indiv 2022"]
[Site "Terme Catez SLO"]
[Date "2022.03.28"]
[Round "2.84"]
[White "Dardha, Daniel"]
[Black "Hasanzade, Toghrul"]
[Result "1-0"]
[WhiteTitle "GM"]
[BlackTitle "IM"]
[WhiteElo "2540"]
[BlackElo "2297"]
[WhiteFideId "240990"]
[BlackFideId "13407716"]
[EventDate "2022.03.27"]

1. d4 Nf6 2. c4 e6 3. g3 d5 4. Bg2 Be7 5. Nf3 O-O 6. Nc3 Nbd7 7. O-O dxc4 8. a4
c5 9. e4 cxd4 10. Qxd4 Nc5 11. Qxc4 Qd3 12. Qb4 Re8 13. Rd1 Qc2 14. Nd4 Nd3 15.
Nxc2 Nxb4 16. Nxb4 Bxb4 17. Nb5 Re7 18. Bf4 Ne8 19. Be3 b6 20. Rac1 a6 21. Nd4
Bb7 22. Nc6 Bxc6 23. Rxc6 Bc5 24. Bxc5 bxc5 25. e5 f6 26. Rxc5 Rb8 27. Rd2 fxe5
28. Rxe5 Kf7 29. Bf1 Rb6 30. Kg2 Nf6 31. Bc4 Rc7 32. b3 Nd7 33. Re3 a5 34. Rd4
Ke7 35. Rg4 g6 36. Rh4 h5 37. Rhe4 Rcc6 38. Bb5 Rd6 39. Rc4 Rb7 40. Rc8 Nf6 41.
Ra8 Rc7 42. Rxa5 Nd5 43. Re1 Rc2 44. Bc4 Nb6 45. Rxe6+ 1-0

[Event "22nd ch-EUR Indiv 2022"]
[Site "Terme Catez SLO"]
[Date "2022.03.28"]
[Round "2.85"]
[White "Mitev, Valentin"]
[Black "Zelcic, Robert"]
[Result "1-0"]
[WhiteTitle "FM"]
[BlackTitle "GM"]
[WhiteElo "2255"]
[BlackElo "2513"]
[WhiteFideId "2921707"]
[BlackFideId "14500310"]
[EventDate "2022.03.27"]

1. d4 Nf6 2. c4 e6 3. Nc3 Bb4 4. e3 b6 5. Ne2 c5 6. a3 Ba5 7. Rb1 Na6 8. Ng3 Bb7
9. f3 cxd4 10. exd4 Bxc3+ 11. bxc3 O-O 12. Bd3 Nc7 13. c5 Qc8 14. Bg5 Nfd5 15.
Ne4 Ne8 16. c4 h6 17. Bd2 f5 18. Ng3 Ndf6 19. cxb6 axb6 20. Rxb6 Ba6 21. Qb3 d5
22. c5 Nd7 23. Bxa6 Rxa6 24. Rb7 Rxa3 25. Qb5 Ra1+ 26. Ke2 Rxh1 27. Nxh1 Nef6
28. c6 Nb8 29. c7 Nbd7 30. Bb4 Re8 31. Bd6 e5 32. Rb8 Nxb8 33. cxb8=Q Qc2+ 34.
Ke1 Qc1+ 35. Kf2 Qd2+ 36. Qe2 Qxd4+ 37. Qe3 Qh4+ 38. Kg1 Rxb8 39. Bxb8 Qb4 40.
Bxe5 Qb1+ 41. Kf2 Qxh1 42. Bxf6 gxf6 43. Qxh6 Kf7 44. Qd2 Qxh2 45. Qxd5+ Kg7 46.
Qxf5 Qh4+ 47. Kg1 Kf7 48. Qd5+ Kg7 49. Qe4 Qxe4 50. fxe4 Kf7 51. Kf2 Ke6 52. Kf3
Ke5 53. Ke3 Kd6 54. Kf4 Ke6 55. g3 Ke7 56. Kf5 Kf7 57. g4 Ke7 58. e5 fxe5 59.
Kxe5 Kf7 60. Kf5 Kg7 61. Kg5 Kh7 62. Kf6 Kh6 63. g5+ Kh7 64. Kf7 Kh8 65. Kg6 1-0

[Event "22nd ch-EUR Indiv 2022"]
[Site "Terme Catez SLO"]
[Date "2022.03.28"]
[Round "2.86"]
[White "Gavrilescu, David"]
[Black "Damia, Angelo"]
[Result "1-0"]
[WhiteTitle "IM"]
[BlackTitle "IM"]
[WhiteElo "2512"]
[BlackElo "2223"]
[WhiteFideId "1227190"]
[BlackFideId "812668"]
[EventDate "2022.03.27"]

1. e4 e6 2. d4 d5 3. e5 c5 4. c3 Nc6 5. Nf3 Bd7 6. Be2 Qb6 7. O-O a5 8. Na3 cxd4
9. cxd4 Bxa3 10. bxa3 a4 11. Be3 Na5 12. Rb1 Qc7 13. Bd2 Ne7 14. Bb4 Bc6 15. Bd3
h6 16. Nd2 b5 17. h4 O-O 18. h5 Nc4 19. Nf3 f6 20. exf6 Rxf6 21. Bc2 Be8 22. Qd3
Bxh5 23. Qh7+ Kf7 24. Ng5+ hxg5 25. Qxh5+ Ng6 26. Bxg6+ Rxg6 27. f4 gxf4 28.
Rbe1 e5 29. Rxf4+ exf4 30. Qxd5+ 1-0